[Event "Top Jeunes"]
[Site "Levallois-Perret"]
[Date "2010.11.21"]
[Round "2.8"]
[White "PHAM, Arthur"]
[Black "ALARY, Antoine"]
[Result "1/2-1/2"]
[WhiteElo "1009"]
[BlackElo "1220"]
[PlyCount "120"]
[WhiteTeam "Bois-Colombes"]
[BlackTeam "Potemkine"]

1. e4 e5 2. Nf3 Nf6 3. Bc4 Nxe4 4. Nxe5 Qe7 5. Bxf7+ Kd8 6. d4 d6 7. f3 dxe5 8.
fxe4 Qxf7 9. dxe5+ Qd7 10. Bg5+ Be7 11. Bxe7+ Kxe7 12. Qf3 Rf8 13. Qa3+ Kd8 14.
Qxf8+ Qe8 15. Qxe8+ Kxe8 16. O-O Nc6 17. Nc3 Nxe5 18. Nd5 Kd7 19. Rad1 Kc6 20.
Ne7+ Kb6 21. Nxc8+ Rxc8 22. a4 Nc4 23. Rd7 Rg8 24. Rff7 Ne5 25. Rxc7 Nxf7 26.
Rxf7 Re8 27. Rxg7 Rxe4 28. Rxh7 Rxa4 29. Kf2 Ra2 30. b3 Rxc2+ 31. Kf3 Rc3+ 32.
Kf4 Rxb3 33. g4 a5 34. g5 a4 35. g6 Rb4+ 36. Kf5 Rb5+ 37. Kf6 a3 38. g7 a2 39.
g8=Q a1=Q+ 40. Kf7 Qa2+ 41. Kf8 Qxg8+ 42. Kxg8 Rg5+ 43. Rg7 Rxg7+ 44. Kxg7 Kc6
45. h4 b5 46. h5 b4 47. h6 b3 48. h7 b2 49. h8=Q b1=Q 50. Qc8+ Kd5 51. Qd7+ Kc5
52. Qe7+ Kd5 53. Qf7+ Kd4 54. Qf6+ Kc5 55. Qe5+ Kc4 56. Qe6+ Kc5 57. Qe5+ Kc4
58. Qe6+ Kc5 59. Kf6 Qb2+ 60. Kf7 Qb7+ 1/2-1/2

[Event "Top Jeunes"]
[Site "Levallois-Perret"]
[Date "2010.11.21"]
[Round "2.9"]
[White "ALARY, Antoine"]
[Black "ARIZA, Thomas"]
[Result "0-1"]
[WhiteElo "1220"]
[BlackElo "1670"]
[PlyCount "96"]
[WhiteTeam "Potemkine"]
[BlackTeam "Bois-Colombes"]

1. e4 e6 2. d4 d5 3. Nf3 Nf6 4. Nc3 dxe4 5. Ne5 Nbd7 6.
Bg5 Be7 7. Bxf6 Bxf6 8. Nxd7 Qxd7 9. Nxe4 Qxd4 10. Nxf6+ Qxf6 11. c3 O-O 12.
Bd3 b6 13. O-O Bb7 14. Qg4 Rad8 15. Bc2 Rd2 16. Rac1 Ba6 17. Qe4 g6 18. Qe3
Rfd8 19. Rfd1 Rxc2 20. Qf3 Rxd1+ 21. Rxd1 Qxf3 22. gxf3 Be2 23. Re1 Bxf3 24. h4
Rxb2 25. h5 Rd2 26. h6 Rd1 27. Kf1 Bg2+ 28. Ke2 Bf3+ 29. Kf1 Kf8 30. a4 Ke7 31.
c4 Rxe1+ 32. Kxe1 Bc6 33. a5 Kd6 34. c5+ Kxc5 35. a6 b5 36. f4 b4 37. Kd1 Ba4+
38. Kc1 Kc4 39. Kb2 c5 40. Kb1 Kd3 41. Kc1 c4 42. Kb2 Ke4 43. f5 exf5 44. Kc1
Ke3 45. Kb2 f4 46. Kc1 c3 47. Kb1 Bb3 48. Kc1 f3 0-1

[Event "Top Jeunes"]
[Site "Levallois-Perret"]
[Date "2010.11.21"]
[Round "2.10"]
[White "EA, Thibault"]
[Black "PHAM, Arthur"]
[Result "1-0"]
[WhiteElo "1528"]
[BlackElo "1009"]
[PlyCount "113"]
[WhiteTeam "Potemkine"]
[BlackTeam "Bois-Colombes"]

1. e4 e5 2. Nf3 Nc6 3. Bc4 Bc5 4. d3 h6 5. c3 Nf6 6. d4 exd4 7. cxd4 Bb6 8. d5
Ne7 9. e5 Ne4 10. O-O d6 11. Re1 Nxf2 12. Qe2 dxe5 13. Kf1 f6 14. Bb5+ c6 15.
dxc6 bxc6 16. Bc4 Qd6 17. Be3 Ng4 18. Bxb6 axb6 19. h3 e4 20. Qxe4 Ne5 21. Nxe5
fxe5 22. Qxe5 Qxe5 23. Rxe5 Rf8+ 24. Kg1 b5 25. Be6 Bxe6 26. Rxe6 b4 27. Nd2 c5
28. Nb3 c4 29. Nd4 b3 30. Nc6 Rf7 31. a4 Kd7 32. Rxe7+ Rxe7 33. Nxe7 Kxe7 34.
a5 Kd6 35. a6 Kc6 36. a7 Kb7 37. Ra4 Rxa7 38. Rxc4 Ra2 39. Rb4+ Kc6 40. Rxb3
Kc5 41. Rb7 g5 42. Rh7 Rxb2 43. Rxh6 Kd4 44. Rh5 Rb5 45. Kh2 Ke4 46. Kg3 Rf5
47. h4 gxh4+ 48. Rxh4+ Ke5 49. Kh3 Rf4 50. Rxf4 Kxf4 51. Kh4 Kf5 52. Kh5 Kf4
53. g4 Ke5 54. Kh6 Kf6 55. g5+ Kf7 56. Kh7 Kf8 57. g6 1-0

[Event "Top Jeunes"]
[Site "Levallois-Perret"]
[Date "2010.11.21"]
[Round "2.1"]
[White "VIENNOT, Dylan"]
[Black "WURTZ, Guillaume"]
[Result "1-0"]
[WhiteElo "2032"]
[BlackElo "1930"]
[PlyCount "65"]
[WhiteTeam "Mulhouse"]
[BlackTeam "Bischwiller"]

1. e4 e6 2. d4 d5 3. Nd2 Nf6 4. e5 Nfd7 5. Bd3 b6 6. Ne2
Ba6 7. Bxa6 Nxa6 8. a3 c5 9. c3 Nc7 10. O-O Be7 11. f4 f5 12. exf6 Nxf6 13. Ng3
cxd4 14. cxd4 O-O 15. Qe2 Bd6 16. Nf3 Qe8 17. Bd2 a5 18. Rae1 Qa4 19. Qd3 Qc4
20. Qxc4 dxc4 21. Ne4 Nxe4 22. Rxe4 Rf6 23. Rfe1 h6 24. Ne5 Bxe5 25. dxe5 Rf7
26. Rxc4 Rd8 27. Bc1 Nd5 28. Rd1 Rfd7 29. Rc6 Kf7 30. f5 Re7 31. Re1 Rc7 32.
Rd6 Rdd7 33. fxe6+ 1-0

[Event "Top Jeunes"]
[Site "Levallois-Perret"]
[Date "2010.11.21"]
[Round "2.2"]
[White "BARBARAS, Mathieu"]
[Black "MESSINGER, Karl"]
[Result "1-0"]
[WhiteElo "2022"]
[BlackElo "1936"]
[PlyCount "62"]
[WhiteTeam "Bischwiller"]
[BlackTeam "Mulhouse"]

1. c4 e5 2. g3 Nf6 3. Bg2 Bc5 4. Nc3 Nc6 5. e3 d5 6. Nxd5 Nxd5 7. cxd5 Nb4 8.
Qb3 c6 9. Ne2 Nxd5 10. O-O O-O 11. d4 exd4 12. Nxd4 Bxd4 13. exd4 Nb6 14. Bf4
Be6 15. Qc3 Qd7 16. Rfe1 Rad8 17. Qa5 Nc4 18. Qxa7 Ra8 19. Qc5 Ra5 20. Qb4 Qxd4
21. Qxb7 Rb5 22. Qxc6 Rxb2 23. Qf3 Rc2 24. h3 Rc8 25. Rad1 Qb2 26. Qb7 Na3 27.
Bc1 Qxa2 28. Bc6 Rf8 29. Be3 Qc4 30. Bg2 Bc8 31. Qe7 Be6 1-0

[Event "Top Jeunes"]
[Site "Levallois-Perret"]
[Date "2010.11.21"]
[Round "2.3"]
[White "DEVOILLE, Hugo"]
[Black "BELLAHCENE, Bilel"]
[Result "0-1"]
[WhiteElo "1753"]
[BlackElo "2140"]
[PlyCount "78"]
[WhiteTeam "Mulhouse"]
[BlackTeam "Bischwiller"]

1. e4 c5 2. Nf3 Nc6 3. Bb5 Nf6 4. e5 Nd5 5. c3 Nc7 6. Ba4 d5 7. d4 b5 8. Bb3
Bg4 9. Be3 c4 10. Bc2 e6 11. h3 Bf5 12. Bxf5 exf5 13. Qc2 g6 14. Bg5 Be7 15.
Bh6 Ne6 16. O-O a5 17. Nbd2 Rg8 18. Nh2 Ra6 19. Ndf3 Qc7 20. Bd2 h5 21. h4 Kd7
22. Ng5 Bxg5 23. Bxg5 Nxg5 24. hxg5 Nd8 25. f4 Ne6 26. Qd2 Rb8 27. a4 b4 28.
Rfb1 Rab6 29. Rc1 bxc3 30. bxc3 Rb2 31. Qe3 R8b3 32. g3 Qb6 33. Qe1 h4 34. Nf1
Nxd4 35. cxd4 Qxd4+ 36. Kh1 hxg3 37. Nxg3 Qxf4 38. Nf1 Qf3+ 39. Kg1 Qg2# 0-1

[Event "Top Jeunes"]
[Site "Levallois-Perret"]
[Date "2010.11.21"]
[Round "2.4"]
[White "HOERDT, Audran"]
[Black "VEYS, Vincent"]
[Result "1-0"]
[WhiteElo "1576"]
[BlackElo "1730"]
[PlyCount "47"]
[WhiteTeam "Bischwiller"]
[BlackTeam "Mulhouse"]

1. e4 e5 2. Nc3 Nf6 3. f4 d5 4. fxe5 Nxe4 5. Qf3 Bc5 6. Nxe4 dxe4 7. Qxe4 c6 8.
Nf3 Be6 9. c3 Nd7 10. d4 Be7 11. Bd3 Nb6 12. O-O h6 13. Bc2 Qd7 14. b3 Qd5 15.
c4 Qd7 16. Bb2 Qc7 17. Rad1 Rc8 18. Bb1 Rd8 19. Ne1 Rd7 20. Nd3 Qd8 21. Nf4 Bg4
22. Rd3 g5 23. Ng6 Rg8 24. Nxe7 1-0

[Event "Top Jeunes"]
[Site "Levallois-Perret"]
[Date "2010.11.21"]
[Round "2.5"]
[White "GUERRY, Emilien"]
[Black "SCHLEGEL, Nicolas"]
[Result "1-0"]
[WhiteElo "1640"]
[BlackElo "1600"]
[PlyCount "113"]
[WhiteTeam "Mulhouse"]
[BlackTeam "Bischwiller"]

1. e4 e5 2. Nf3 Nc6 3. Bb5 a6 4. Ba4 d6 5. h3 Bd7 6. O-O
Nf6 7. Re1 Be7 8. c3 b5 9. Bc2 O-O 10. d4 Re8 11. Nbd2 Bf8 12. Nf1 Na5 13. Ng3
c5 14. b3 Rc8 15. d5 c4 16. b4 Nb7 17. a4 Ra8 18. a5 Be7 19. Be3 Qc8 20. Qd2
Qc7 21. Nh4 Nxe4 22. Bxe4 Bxh4 23. Nf5 Bxf5 24. Bxf5 Bf6 25. Bb6 Qe7 26. f4 Bh4
27. Re2 Qf6 28. Bd7 Re7 29. Bc6 Rb8 30. Rf1 Qg6 31. Bxb7 Rbxb7 32. Bd8 exf4 33.
Bxe7 Rxe7 34. Rxe7 Bxe7 35. Qxf4 Bf6 36. Qf3 h6 37. Kh1 Qg5 38. Re1 Qg6 39.
Re8+ Kh7 40. Ra8 Be5 41. g3 Bxg3 42. Rxa6 Be5 43. Rb6 Qc2 44. Qg2 Qb1+ 45. Qg1
Qe4+ 46. Qg2 Qb1+ 47. Qg1 Qe4+ 48. Qg2 Qe1+ 49. Qg1 Qxc3 50. Qb1+ g6 51. Qf1
Bf6 52. Rxd6 Kg7 53. a6 Qe5 54. Qxf6+ Qxf6 55. Rxf6 Kxf6 56. a7 c3 57. a8=Q 1-0

[Event "Top Jeunes"]
[Site "Levallois-Perret"]
[Date "2010.11.21"]
[Round "2.6"]
[White "PLUVINAGE, Jérôme"]
[Black "FLICK, Antoine"]
[Result "0-1"]
[WhiteElo "1486"]
[BlackElo "1605"]
[PlyCount "70"]
[WhiteTeam "Bischwiller"]
[BlackTeam "Mulhouse"]

1. d4 Nf6 2. c4 g6 3. Nc3 Bg7 4. e4 d6 5. Nf3 O-O 6. Be2
Nbd7 7. O-O e5 8. d5 a5 9. Bg5 Nc5 10. Nd2 h6 11. Bh4 Bd7 12. b3 Qe8 13. a3 b6
14. Qc2 Nh5 15. f3 f5 16. Rfb1 f4 17. Bf2 Qe7 18. b4 Nb7 19. bxa5 Nxa5 20. Nb3
Nxb3 21. Qxb3 Nf6 22. Nb5 Rfc8 23. a4 Qd8 24. Be1 Be8 25. Bb4 Nd7 26. a5 bxa5
27. Bxa5 Nc5 28. Qc2 Qe7 29. Bd2 c6 30. Nc3 Rcb8 31. Rxb8 Rxb8 32. Rb1 Qa7 33.
Rxb8 Nxe4+ 34. Kh1 Nf2+ 35. Kg1 Nh3+ 0-1

[Event "Top Jeunes"]
[Site "Levallois-Perret"]
[Date "2010.11.21"]
[Round "2.7"]
[White "BURRI, Quentin"]
[Black "KANTZER, Romain"]
[Result "1-0"]
[WhiteElo "1720"]
[BlackElo "1420"]
[PlyCount "33"]
[WhiteTeam "Mulhouse"]
[BlackTeam "Bischwiller"]

1. d4 d5 2. c4 dxc4 3. e3 c5 4. d5 e6 5. Bxc4 Nf6 6. Nc3 Be7 7. Qa4+ Bd7 8. Qb3
Qc7 9. dxe6 fxe6 10. Bxe6 Bc6 11. f3 Nbd7 12. Nge2 Rd8 13. Nf4 Nb6 14. Bf7+ Kf8
15. Ne6+ Kxf7 16. Nxc7+ Kf8 17. Ne6+ 1-0

[Event "Top Jeunes"]
[Site "Levallois-Perret"]
[Date "2010.11.21"]
[Round "2.8"]
[White "RAMBEAUX, Solene"]
[Black "BELLAHCENE, Meriem"]
[Result "1-0"]
[WhiteElo "1480"]
[BlackElo "1300"]
[PlyCount "94"]
[WhiteTeam "Mulhouse"]
[BlackTeam "Bischwiller"]

1. d4 d5 2. c4 e6 3. Nf3 Nf6 4. g3 Be7 5. Bg2 O-O 6. O-O Nbd7 7. Nc3 a6 8. a4
b6 9. Ne5 Bb7 10. Bf4 Ra7 11. Qb1 Qa8 12. Bg5 dxc4 13. Bxb7 Rxb7 14. Nxd7 Nxd7
15. Bxe7 Re8 16. Bg5 e5 17. Rd1 c5 18. dxc5 Nxc5 19. Ne4 Nxe4 20. Qxe4 Rd7 21.
Qxa8 Rxd1+ 22. Rxd1 Rxa8 23. Rd6 f6 24. Be3 b5 25. axb5 axb5 26. Rb6 Ra5 27.
Bd2 Ra2 28. Rxb5 c3 29. Bxc3 e4 30. Rb4 f5 31. g4 fxg4 32. Rxe4 h5 33. Re5 h4
34. Re4 h3 35. f3 g3 36. hxg3 Ra1+ 37. Kh2 g5 38. Rg4 Kh7 39. Rxg5 Kh6 40. Rg4
Ra6 41. Kxh3 Kh7 42. Rf4 Kg6 43. Rf6+ Rxf6 44. Bxf6 Kxf6 45. b4 Ke6 46. b5 Kd7
47. g4 Kc7 1-0

[Event "Top Jeunes"]
[Site "Levallois-Perret"]
[Date "2010.11.21"]
[Round "2.9"]
[White "KANTZER, Romain"]
[Black "RAMBEAUX, Solène"]
[Result "1/2-1/2"]
[WhiteElo "1420"]
[BlackElo "1480"]
[PlyCount "99"]
[WhiteTeam "Bischwiller"]
[BlackTeam "Mulhouse"]

1. e4 c5 2. Nf3 d6 3. d4 cxd4 4. Nxd4 Nf6 5. Nc3 g6 6.
Be3 Bg7 7. Be2 O-O 8. O-O Nc6 9. Nb3 a6 10. f4 b5 11. Bf3 b4 12. Nd5 Nxd5 13.
exd5 Na7 14. Nd4 Qd7 15. Nc6 Nxc6 16. dxc6 Qc7 17. Bd4 e5 18. fxe5 dxe5 19. Bc5
Rd8 20. Qe2 Rb8 21. Rad1 Rxd1 22. Rxd1 Bb7 23. Bd6 Qc8 24. cxb7 Rxb7 25. Bxb7
Qxb7 26. Bxb4 {[%emt 0:00:00]} Qxb4 27. Rd8+ Bf8 28. Qd2 Qb6+ 29. Kf1 Qb5+ 30.
Ke1 Kg7 31. c3 Qc6 32. Qd5 Qf6 33. Re8 Qh4+ 34. g3 Qxh2 35. Qxe5+ f6 36. Qc7+
Kg8 37. Qb8 Qg1+ 38. Kd2 Qf2+ 39. Re2 Qc5 40. Qb3+ Kg7 41. Rh2 Qd6+ 42. Kc2 h5
43. Rd2 Qe5 44. Qb7+ Kh6 45. Qa8 Qf5+ 46. Kc1 Qf1+ 47. Kc2 Qf5+ 48. Rd3 Qf2+
49. Kb3 Qb6+ 50. Kc2 1/2-1/2

[Event "Top Jeunes"]
[Site "Levallois-Perret"]
[Date "2010.11.21"]
[Round "2.10"]
[White "BELLAHCENE, Meriem"]
[Black "BURRI, Quentin"]
[Result "0-1"]
[WhiteElo "1300"]
[BlackElo "1720"]
[PlyCount "56"]
[WhiteTeam "Bischwiller"]
[BlackTeam "Mulhouse"]

1. e4 c5 2. Nf3 d6 3. d4 cxd4 4. Nxd4 Nf6 5. Nc3 a6 6. Be2 Nbd7 7. O-O e6 8.
Re1 b5 9. a3 Bb7 10. Bf3 Qc7 11. a4 b4 12. Na2 d5 13. e5 Nxe5 14. Bf4 Nxf3+ 15.
Nxf3 Qxf4 16. g3 Qc7 17. Nxb4 Bxb4 18. c3 Bc5 19. b4 Ba7 20. Rc1 Ne4 21. c4
Nxf2 22. Qb3 Nd3+ 23. Kh1 Nxe1 24. Nxe1 dxc4+ 25. Qf3 Bxf3+ 26. Nxf3 Qb7 27.
Kg2 Qxb4 28. Kh3 Qxa4 0-1

[Event "Top Jeunes"]
[Site "Niort"]
[Date "2010.11.21"]
[Round "3.1"]
[White "Barbot, Pierre"]
[Black "Kirk, Ezra"]
[Result "1/2-1/2"]
[WhiteElo "2177"]
[BlackElo "2127"]
[PlyCount "102"]
[EventDate "2010.??.??"]
[WhiteTeam "Sautron"]
[BlackTeam "Clichy"]

1. e4 c5 2. Nf3 Nc6 3. d4 cxd4 4. Nxd4 g6 5. c4 Bg7 6. Be3 Nf6 7. Nc3 d6 8. Be2
O-O 9. O-O Bd7 10. Qd2 Nxd4 11. Bxd4 Bc6 12. f3 a5 13. b3 Nd7 14. Bf2 Nc5 15.
Rad1 Be5 16. Nb5 Bxb5 17. cxb5 e6 18. Bc4 Qe7 19. Qe3 Qf6 20. g3 g5 21. Be1 Qe7
22. Kh1 b6 23. Bd2 Bf6 24. Rde1 Rad8 25. Bc3 Rfe8 26. f4 Nxe4 27. Bxf6 Nxf6 28.
Qxb6 g4 29. Qxa5 Qb7+ 30. Kg1 Ne4 31. Bd3 Nc5 32. Bb1 f5 33. Qb4 Qb6 34. Kh1
Qb7+ 35. Kg1 Qb6 36. Rf2 h5 37. a4 Rb8 38. Qc3 Kf7 39. Qe3 h4 40. gxh4 Qb7 41.
Bc2 Ra8 42. Rd2 Qb6 43. b4 Nxa4 44. Qxb6 Nxb6 45. Rxd6 Nc4 46. Rc6 Nd2 47. Bd1
Ra1 48. Kf2 Ne4+ 49. Kf1 Nd2+ 50. Kf2 Ne4+ 51. Kf1 Nd2+ 1/2-1/2

[Event "Top Jeunes"]
[Site "Niort"]
[Date "2010.11.21"]
[Round "3.2"]
[White "Eid, Maha"]
[Black "Bapst, Valentin"]
[Result "1-0"]
[WhiteElo "2067"]
[BlackElo "1905"]
[PlyCount "83"]
[EventDate "2010.??.??"]
[WhiteTeam "Clichy"]
[BlackTeam "Sautron"]

1. d4 Nf6 2. c4 g6 3. Nc3 d5 4. cxd5 Nxd5 5. e4 Nxc3 6. bxc3 Bg7 7. Bb5+ c6 8.
Ba4 O-O 9. Ne2 c5 10. O-O Qc7 11. Bg5 Rd8 12. Rc1 b6 13. d5 f6 14. Be3 e5 15.
c4 Qd6 16. Nc3 Ba6 17. Bb5 Bb7 18. f4 Bh6 19. Qf3 Nd7 20. f5 Bxe3+ 21. Qxe3 g5
22. Qf3 Qe7 23. Ba4 Ba6 24. Qe2 Rac8 25. Rf3 Kg7 26. Rh3 Qf7 27. Nd1 Nb8 28.
Ne3 h6 29. Rh5 Rh8 30. Rd1 Rcd8 31. Qg4 Rd6 32. Qh3 Kg8 33. Bb5 Bb7 34. Ng4 Qg7
35. Be8 Kf8 36. Bg6 Nc6 37. Rxh6 Rxh6 38. Nxh6 Na5 39. Ng4 Nxc4 40. Qb3 Na5 41.
Qb5 Bc8 42. Qe8# 1-0

[Event "Top Jeunes"]
[Site "Niort"]
[Date "2010.11.21"]
[Round "3.3"]
[White "Le Pen, Steven"]
[Black "Kambrath, Yannick"]
[Result "0-1"]
[WhiteElo "1793"]
[BlackElo "2044"]
[PlyCount "74"]
[EventDate "2010.??.??"]
[WhiteTeam "Sautron"]
[BlackTeam "Clichy"]

1. e4 e5 2. Nf3 Nc6 3. Bb5 Bc5 4. O-O Nd4 5. Nxd4 Bxd4 6. c3 Bb6 7. d4 c6 8.
Ba4 d6 9. Na3 Nf6 10. Bc2 Be6 11. Qd3 h6 12. Nc4 Bc7 13. Ne3 O-O 14. a4 Qe7 15.
b3 Nh5 16. g3 Rfe8 17. f4 Bh3 18. Ng2 Qd7 19. dxe5 dxe5 20. f5 Qxd3 21. Bxd3
Rad8 22. Be2 Nf6 23. Be3 Nxe4 24. c4 Nd2 25. Rfd1 Nxb3 26. Rxd8 Rxd8 27. Rb1
Na5 28. Nh4 Bb6 29. c5 Bc7 30. Rb4 Rd5 31. g4 Bd8 32. Nf3 h5 33. gxh5 Bxf5 34.
Kf2 Be7 35. Nh4 Be6 36. Kg3 Bxc5 37. Bxc5 Rxc5 0-1

[Event "Top Jeunes"]
[Site "Niort"]
[Date "2010.11.21"]
[Round "3.4"]
[White "Eid, Amine"]
[Black "Terrazzoni, Claire"]
[Result "1-0"]
[WhiteElo "1917"]
[BlackElo "1490"]
[PlyCount "61"]
[EventDate "2010.??.??"]
[WhiteTeam "Clichy"]
[BlackTeam "Sautron"]

1. e4 c5 2. Nf3 d6 3. d4 cxd4 4. Nxd4 Nf6 5. Nc3 g6 6. Be3 Bg7 7. Bc4 Ng4 8.
Bb5+ Kf8 9. Bg5 Nd7 10. Nd5 Ngf6 11. c4 Nxd5 12. cxd5 Rg8 13. O-O Qb6 14. Bxd7
Bxd7 15. Be3 Qa5 16. f4 Bf6 17. Qf3 Qc7 18. Rac1 Qb8 19. Rce1 Qe8 20. Qg3 Bg7
21. e5 dxe5 22. fxe5 e6 23. Qg4 exd5 24. e6 Bc8 25. Bg5 Bxd4+ 26. Qxd4 Bxe6 27.
Qc5+ Kg7 28. Qd4+ Kf8 29. Qc4 Kg7 30. Bf6+ Kh6 31. Qh4# 1-0

[Event "Top Jeunes"]
[Site "Niort"]
[Date "2010.11.21"]
[Round "3.5"]
[White "Eugene, Floryan"]
[Black "Vigna, Leo"]
[Result "1-0"]
[WhiteElo "1609"]
[BlackElo "1685"]
[PlyCount "122"]
[EventDate "2010.??.??"]
[WhiteTeam "Sautron"]
[BlackTeam "Clichy"]

1. e4 c5 2. Nf3 e6 3. d4 cxd4 4. Nxd4 Qb6 5. Nb3 Nc6 6. Be3 Qc7 7. Nc3 a6 8.
Be2 Nf6 9. O-O b5 10. f3 Bb7 11. Kh1 Rd8 12. Qe1 d5 13. exd5 Nxd5 14. Nxd5 Rxd5
15. Bd3 Rh5 16. f4 Bd6 17. Qg3 Rg8 18. Nd2 Ne7 19. Ne4 Bxe4 20. Bxe4 Nf5 21.
Bxf5 Rxf5 22. Rfe1 g5 23. Qg4 h5 24. Qxf5 exf5 25. Bb6+ Qe7 26. Rxe7+ Kxe7 27.
fxg5 Rxg5 28. g3 Ke6 29. Rd1 f4 30. Re1+ Kf5 31. gxf4 Bxf4 32. Rg1 Rxg1+ 33.
Kxg1 Kg4 34. Kg2 Bc1 35. b3 f5 36. c4 f4 37. h3+ Kf5 38. Kf3 Bd2 39. Bd4 Ba5
40. c5 Bc7 41. Bg7 Kg6 42. Bf8 Kf5 43. Bd6 Ba5 44. c6 Ke6 45. Bxf4 Ke7 46. Ke4
Ke6 47. Kd4 Bb6+ 48. Ke4 Ba5 49. c7 Kd7 50. Kf5 Bxc7 51. Bxc7 Kxc7 52. Kg5 Kd7
53. Kxh5 Ke8 54. Kg6 Ke7 55. Kg7 Ke6 56. h4 Kf5 57. h5 Kg5 58. h6 Kf5 59. h7 a5
60. h8=Q a4 61. bxa4 bxa4 1-0

[Event "Top Jeunes"]
[Site "Niort"]
[Date "2010.11.21"]
[Round "3.6"]
[White "Kieffer, Anatole"]
[Black "Machiels, Etienne"]
[Result "1/2-1/2"]
[WhiteElo "1671"]
[BlackElo "1573"]
[PlyCount "103"]
[EventDate "2010.??.??"]
[WhiteTeam "Clichy"]
[BlackTeam "Sautron"]

1. e4 e5 2. Nf3 Nc6 3. Bc4 Bc5 4. c3 Nf6 5. d3 O-O 6. O-O d6 7. Nbd2 a6 8. Bb3
Be6 9. h3 Qd7 10. Bxe6 fxe6 11. Re1 Qf7 12. Nf1 Nh5 13. b4 Ba7 14. N1h2 Rae8
15. a4 Bb6 16. b5 axb5 17. axb5 Na7 18. Qb3 Nc8 19. Rf1 h6 20. Be3 Bxe3 21.
fxe3 Ng3 22. Rfe1 h5 23. Nf1 Qg6 24. Nxg3 Qxg3 25. Rf1 Rf6 26. Ra2 Ref8 27.
Raf2 Qg6 28. Nh4 Qf7 29. Rxf6 gxf6 30. Rf3 Kh7 31. Qa2 b6 32. Qe2 Rg8 33. d4
exd4 34. exd4 Ne7 35. Qf2 Rf8 36. Qc2 Ng6 37. Nxg6 Qxg6 38. Qd3 Rg8 39. Rf2 Rg7
40. Qf3 Rf7 41. c4 Kg8 42. d5 exd5 43. cxd5 Kf8 44. Qf5 Qxf5 45. Rxf5 Kg7 46.
Rxh5 Kg6 47. Rf5 Re7 48. Rf4 Re5 49. g4 Re8 50. Rf3 Kg5 51. Re3 Kf4 52. Kf2
1/2-1/2

[Event "Top Jeunes"]
[Site "Niort"]
[Date "2010.11.21"]
[Round "3.7"]
[White "Trouve, Guillaume"]
[Black "Vigna, Liza"]
[Result "0-1"]
[WhiteElo "1614"]
[BlackElo "1680"]
[PlyCount "50"]
[EventDate "2010.??.??"]
[WhiteTeam "Sautron"]
[BlackTeam "Clichy"]

1. e4 e5 2. Nf3 Nc6 3. Bc4 Nf6 4. d3 Be7 5. c3 d6 6. Nbd2 Bg4 7. Nf1 d5 8. exd5
Nxd5 9. h3 Bh5 10. Ng3 Bg6 11. O-O O-O 12. Re1 Bf6 13. Bb3 Nde7 14. Bc2 Nf5 15.
Ne4 Bh5 16. Nxf6+ Qxf6 17. Bg5 Bxf3 18. Qxf3 Qxg5 19. g4 Nh4 20. Qg3 f5 21. f3
fxg4 22. fxg4 Nf3+ 23. Kh1 Nxe1 24. Rxe1 Kh8 25. d4 exd4 0-1

[Event "Top Jeunes"]
[Site "Niort"]
[Date "2010.11.21"]
[Round "3.8"]
[White "Ragot Gaufreteau, Maelyss"]
[Black "Banat, Rayan"]
[Result "0-1"]
[WhiteElo "1350"]
[BlackElo "1560"]
[PlyCount "88"]
[EventDate "2010.??.??"]
[WhiteTeam "Sautron"]
[BlackTeam "Clichy"]

1. e4 d5 2. exd5 Qxd5 3. Nc3 Qa5 4. d4 c6 5. Nf3 Nf6 6. Ne5 Bf5 7. Bd3 Bxd3 8.
Qxd3 e6 9. O-O Qc7 10. Bf4 Bd6 11. Rfe1 O-O 12. h3 Rd8 13. Rad1 Nbd7 14. Re2
Nh5 15. Bh2 f6 16. Nf3 Bxh2+ 17. Nxh2 Nf4 18. Qe3 Nxe2+ 19. Qxe2 e5 20. dxe5
Qxe5 21. Qc4+ Kh8 22. Nf3 Qe8 23. Re1 Qg8 24. Qg4 Nb6 25. Re7 Rf8 26. Rxb7 Rf7
27. Rxf7 Qxf7 28. Qe4 Nd5 29. Qa4 Nxc3 30. bxc3 Qb7 31. Nd2 Qe7 32. Ne4 Rb8 33.
g3 Qd7 34. g4 h5 35. f3 Rb1+ 36. Kf2 hxg4 37. hxg4 Rb8 38. Qc4 Qd5 39. Qa4 Qb5
40. Qxa7 Qb6+ 41. Qxb6 Rxb6 42. Ke3 Rb2 43. a4 Rxc2 44. a5 Ra2 0-1

[Event "Top Jeunes"]
[Site "Niort"]
[Date "2010.11.21"]
[Round "3.9"]
[White "Banat, Rayan"]
[Black "Trouve, Guillaume"]
[Result "0-1"]
[WhiteElo "1560"]
[BlackElo "1614"]
[PlyCount "102"]
[EventDate "2010.??.??"]
[WhiteTeam "Clichy"]
[BlackTeam "Sautron"]

1. d4 d5 2. Bf4 Nf6 3. e3 c5 4. c3 Qb6 5. Qb3 c4 6. Qc2 Nc6 7. Nd2 g6 8. h3 Bf5
9. Qc1 Bg7 10. Ngf3 Qa5 11. Be2 b5 12. a3 Qb6 13. Nh4 Bd7 14. O-O O-O 15. Bf3
h6 16. Be5 g5 17. Bxf6 Bxf6 18. Bxd5 gxh4 19. Qd1 Kg7 20. f4 Rg8 21. Qh5 e6 22.
Be4 Be7 23. Nf3 f5 24. Bxc6 Bxc6 25. Ne5 Be8 26. Qf3 Rd8 27. g3 hxg3 28. Rad1
Qd6 29. Kh1 Kh7 30. Rg1 Bh4 31. e4 Rg7 32. d5 Qc5 33. Rg2 Bf7 34. Rgd2 g2+ 35.
Rxg2 Rxg2 36. Qxg2 Bh5 37. Rg1 Qf8 38. dxe6 Qg8 39. Qxg8+ Rxg8 40. exf5 Rxg1+
41. Kxg1 Kg7 42. Nc6 Bg3 43. Nxa7 Be8 44. Nc8 Bxf4 45. Nb6 Kf6 46. a4 Be3+ 47.
Kh1 Bxb6 48. axb5 Kxf5 49. e7 Bxb5 50. Kg2 Bc5 51. h4 Bxe7 0-1

[Event "Top Jeunes"]
[Site "Niort"]
[Date "2010.11.21"]
[Round "3.10"]
[White "Vigna, Liza"]
[Black "Ragot Gaufreteau, Maelyss"]
[Result "1-0"]
[WhiteElo "1680"]
[BlackElo "1350"]
[PlyCount "55"]
[EventDate "2010.??.??"]
[WhiteTeam "Clichy"]
[BlackTeam "Sautron"]

1. e4 c5 2. c3 d5 3. exd5 Qxd5 4. d4 g6 5. Nf3 Bg7 6. Be2 Nf6 7. Bb5+ Nc6 8. h3
O-O 9. O-O c4 10. Bxc6 bxc6 11. Re1 Re8 12. b3 Ba6 13. Ba3 e6 14. Nbd2 Bf8 15.
Bxf8 Rxf8 16. bxc4 Qa5 17. Qc2 Rab8 18. Ne5 Qc7 19. Ne4 Nxe4 20. Qxe4 Rfc8 21.
Red1 f6 22. Ng4 Qe7 23. Qf4 Bxc4 24. Nxf6+ Kg7 25. Ng4 Rd8 26. Qe5+ Kf8 27.
Qh8+ Kf7 28. Nh6# 1-0

[Event "Top Jeunes"]
[Site "Niort"]
[Date "2010.11.21"]
[Round "3.2"]
[White "Msellek, Ilyass"]
[Black "Leriche, Luc"]
[Result "1-0"]
[WhiteElo "2059"]
[BlackElo "1968"]
[PlyCount "75"]
[EventDate "2010.??.??"]
[WhiteTeam "Villepinte"]
[BlackTeam "Niort"]

1. Nf3 Nf6 2. d4 c5 3. e3 g6 4. b3 Bg7 5. Bb2 O-O 6. Nbd2 cxd4 7. exd4 d6 8.
Be2 b6 9. O-O Bb7 10. c4 Nbd7 11. Re1 Re8 12. Bf1 Qc7 13. d5 a6 14. Nd4 b5 15.
a4 bxc4 16. bxc4 Rab8 17. N4b3 Nc5 18. Nxc5 Qxc5 19. Nb3 Qc7 20. a5 Bc8 21. Bd4
Nd7 22. Bxg7 Kxg7 23. Nd4 Bb7 24. Ra3 Ne5 25. Qa1 Kg8 26. Rc1 Rec8 27. f4 Nd7
28. Re1 Nf6 29. Rae3 Re8 30. Qa3 Kf8 31. f5 Ng4 32. Rh3 Kg7 33. Qg3 Qxa5 34.
Rd1 Nf6 35. fxg6 fxg6 36. Ne6+ Kf7 37. Bd3 Rh8 38. Rxh7+ 1-0

[Event "Top Jeunes"]
[Site "Niort"]
[Date "2010.11.21"]
[Round "3.3"]
[White "Habiballah, Anass"]
[Black "Bellaiche, Elise"]
[Result "0-1"]
[WhiteElo "1520"]
[BlackElo "1896"]
[PlyCount "78"]
[EventDate "2010.??.??"]
[WhiteTeam "Niort"]
[BlackTeam "Villepinte"]

1. e4 e6 2. d3 d5 3. Nd2 Nf6 4. Ngf3 c5 5. g3 Nc6 6. Bg2 Be7 7. O-O O-O 8. Qe2
b6 9. e5 Nd7 10. Re1 Bb7 11. c3 Qc7 12. h4 Rfd8 13. Nf1 d4 14. c4 a6 15. a3 b5
16. b3 bxc4 17. bxc4 a5 18. N1h2 a4 19. Bd2 Na5 20. Bxa5 Qxa5 21. Rab1 Bc6 22.
Ng4 Rab8 23. h5 h6 24. Nfh2 Bxg2 25. Kxg2 Bf8 26. Qe4 Rb3 27. Ra1 Qc3 28. Red1
Rxa3 29. Rab1 Rb3 30. Rxb3 axb3 31. Qb7 Qc2 32. Qf3 b2 33. Nf1 b1=Q 34. Rxb1
Qxb1 35. Nd2 Qb8 36. Ne4 Nxe5 37. Ngf6+ gxf6 38. Nxf6+ Kh8 39. Qe4 Qa8 0-1

[Event "Top Jeunes"]
[Site "Niort"]
[Date "2010.11.21"]
[Round "3.4"]
[White "Ek, Alexandre"]
[Black "Chauvet, Etienne"]
[Result "1-0"]
[WhiteElo "1855"]
[BlackElo "1520"]
[PlyCount "73"]
[EventDate "2010.??.??"]
[WhiteTeam "Villepinte"]
[BlackTeam "Niort"]

1. e4 d6 2. d4 Nf6 3. Nc3 g6 4. f4 Bg7 5. Nf3 c5 6. d5 O-O 7. Be2 a6 8. a4 Qc7
9. O-O b6 10. h3 Nbd7 11. Be3 Bb7 12. Bc4 Rfe8 13. Re1 Kh8 14. Qd2 h6 15. Rad1
Kh7 16. Bf2 Rad8 17. e5 Ng8 18. Qd3 Ra8 19. f5 Nxe5 20. fxg6+ Nxg6 21. Nh4 Nf6
22. Ne2 Rg8 23. Nf4 Bh8 24. Nhxg6 fxg6 25. h4 h5 26. Re3 Kh6 27. Rg3 Ng4 28.
Be3 Kh7 29. Rxg4 hxg4 30. h5 Bf6 31. hxg6+ Kh8 32. Qf5 Rg7 33. Qh5+ Kg8 34. Ne6
Qd7 35. Bh6 Qe8 36. Bxg7 Bxg7 37. Qh7# 1-0